Responses for Show #4344 - Thursday, June 19, 2003

John Beck game 5.
John becomes the last retired 5-time champion.

Contestants

[<< previous game]

Spencer Willis, a graduate student from Los Angeles, California

Arline West, a career counselor from Makakilo, Hawaii

John Beck, a copywriter from Torrance, California (whose 4-day cash winnings total $87,099)

[next game >>]

Jeopardy! Round responses

ASSOCIATIONS
PAUL MALL
WHAT TO WEAR?
A PAIN IN THE "R"s
FOOTBALL
E BEFORE I
    $200 6
(Spencer: What is Virginia?)

Richmond

ArlineSpencer
    $200 7
Paul Bunyan

John
    $200 26
an apron

John
    $200 1
the retina

John
    $200 8
a lateral

John
    $200 13
a stein

Spencer
    $400 22
Cave Avenue

John
    $400 18
Paul Simon

John
    $400 27
a cardigan

John
    $400 2
rickets

John
    $400 9
Ohio State University

Spencer
    $400 14
overweight

Spencer
    $600 23
Phi Beta Kappa

John
    $600 19
(John: Who is John XXIII?)

Pope Paul VI

John
Triple Stumper
    $600 28
a kilt

Spencer
    $600 3
rubella

Spencer
    $600 10
(John: What is the 40-yard line?)

the 30-yard line

JohnSpencer
    $600 15
a veil

John
    $800 24
(Spencer: What is Watergate?)

the Democratic National Committee

Spencer
Triple Stumper
    $800 20
Paul Gauguin

John
    $800 29
a romper

John
    $800 4
Reye's syndrome

John
    $800 11
Mississippi

Spencer
    $800 16
"Edelweiss"

John
    $1000 25
the Huguenots

Arline
    $1000 21
Paul Ehrlich

Triple Stumper
    $2,000 30
a sari & sarong

John
    $1000 5
a rhinovirus

Spencer
    $1000 12
the University of Southern California

John
    $1000 17
an eider

John

Scores at the first commercial break (after clue 15):

John Arline Spencer
$2,800 $200 $3,800

Scores at the end of the Jeopardy! Round:

John Arline Spencer
$9,600 $1,200 $3,600

Double Jeopardy! Round responses

1901
4-LETTER FILMS
FLORIDA
SPINGARN MEDAL WINNERS
AUTHORS' MIDDLE NAMES
IT'S "OVER"
    $400 23
(Spencer: Who is McKinley?)

Teddy Roosevelt

JohnSpencer
    $400 1
Wolf

Spencer
    $400 11
Jeb Bush

John
    $400 17
Thurgood Marshall

Spencer
    $400 6
Chandler

Spencer
    $400 12
overdue

Spencer
    $800 24
Jules Verne

John
    $800 2
Clue

John
    $6,100 19
(Spencer: Let's bet it all.)
...
(Spencer: I don't know.)

I Dream of Jeannie

Spencer
    $800 18
cells

Triple Stumper
    $800 7
Bret

Triple Stumper
    $800 13
a turnover

John
    $1200 25
(Alex: ...a minute to go…)

Antarctica

Spencer
    $1200 3
Emma

Spencer
    $1200 20
I-95

John
    $1200 28
the United Nations

John
    $3,500 8
(Spencer: What is Leghorn?)
(Alex: No, you're close, probably thinking of Foghorn Leghorn.)

Langhorne

Spencer
    $1200 14
an overture

John
    $1600 27
J.P. Morgan

Triple Stumper
    $1600 4
Fear

Spencer
    $1600 21
Lake Okeechobee

Spencer
    $1600 29
(Arline: Who is Dr. Seuss?)

Alex Haley

Arline
Triple Stumper
    $1600 9
Lee

Spencer
    $1600 15
an overhand knot

John
    $2000 26
Samuel Butler

John
    $2000 5
Coma

John
    $2000 22
Key West

Triple Stumper
    $2000 30
(John: Who is Norman?)

Marian Anderson

JohnArline
    $2000 10
Sidney

Triple Stumper
    $2000 16
the Overland Express

Arline

Scores at the end of the Double Jeopardy! Round:

John Arline Spencer
$20,000 $3,600 $2,400
(lock game)

[wagering suggestions for these scores]

Final Jeopardy! Round responses

FRUIT
(Alex: Congratulations. Take a look. Here's the beautiful automobile you're going to be driving in.)
(Johnny: Well, congratulations, John. As a 5-time undefeated Jeopardy! champion, you've won the new Jaguar X-Type. A sleek compact midsize automobile for the next generation. Experience classic Jaguar styling with adrenaline rush of a V6. From Rusnak Jaguar, Pasadena. Congratulations.)
(Alex: And of course, the big-money Tournament of Champions awaits next time out. And on our next show to wrap up the week tomorrow, three new players, starting from scratch. Hope to see you all.)
SpencerWhat is date
$100
ArlineWhat is Digitalis?
$3,500
JohnWhat is date?
$10,000
the date

Final scores:

John Arline Spencer
$30,000 $100 $2,500
5-day champion: $117,099 3rd place: $1,000 2nd place: $2,000

Game dynamics:

Coryat scores:

John Arline Spencer
$19,000 $3,600 $12,000
28 R
(including 1 DD),
3 W
4 R,
1 W
17 R,
5 W
(including 2 DDs)

Combined Coryat: $34,600

[game clues] [game scores] [suggest correction]

Game tape date: 2003-02-24
The J! Archive is created by fans, for fans. Scraping, republication, monetization, and malicious use prohibited; this site may use cookies and collect identifying information. See terms. The Jeopardy! game show and all elements thereof, including but not limited to copyright and trademark thereto, are the property of Jeopardy Productions, Inc. and are protected under law. This website is not affiliated with, sponsored by, or operated by Jeopardy Productions, Inc. Join the discussion at JBoard.tv.